Quizzes
Events
Quiz Creation
Community
Videos
Private Events
Remove Ads
Sign In
Join for FREE
Feedback
Dark Mode
Quiz Categories
Sports
Geography
Music
Movies
Television
Just For Fun
Miscellaneous
History
Literature
Language
Science
Gaming
Entertainment
Religion
Holiday
For Kids
Quiz Lab
Recent
Popular Today
Quiz Kudos Today
Editor Picks
Curator Picks
Quizzes by...
Day
Popularity
Type
Ratings
Length
Year
Community
Subscriptions
Recent Discussions
Orange Saloon
Badges
Playlists
Quests
Create
Leaderboards
Showdown
Live 5
Trivia Bingo
Activity
Puzzle Library
Sporcle Events
Private Events
Virtual Trivia
Globe League
Become a Host
Pub Owners
SporcleCon
Opinionation
Our Games
Videos
Blog
Mobile Apps
Partnerships
Remove Ads and Go Orange
Feedback
Sports
Athletes
MLB
NBA
NHL
NFL
Soccer
Sports Teams
WWE
NCAA
Football
Premier League
Basketball
Baseball
Hockey
Golf
Tennis
Cricket
Rugby
Auto Racing
Olympics
World Cup
Sports
Athletes
MLB
NBA
NHL
NFL
Soccer
Sports Teams
WWE
NCAA
Football
Premier League
Basketball
Baseball
Hockey
Golf
Tennis
Cricket
Rugby
Auto Racing
Olympics
World Cup
Random Quiz
Search Sporcle
×
Quiz Lab
Quiz Lab
Sports
NFL
Type in answers that appear in a list
Type in answers that appear in a list
Classic
Best Score? Go Orange.
2014 NFL Mock Draft 1.0 (Kiper) Stats
Can you pick the 2014 NFL Mock Draft 1.0 (Kiper)
By
Sponky48
10m
32 Questions
348 Plays
348 Plays
348 Plays
Comments
Comments
Give Quiz Kudos
Give Quiz Kudos
-
- Ratings
hide this ad
Wrong Answers
Some wrong answers will appear in red
Some wrong answers will appear in red
Replay
Link that replays current quiz
Next Quiz
Link to next quiz in quiz playlist
You Got
0%
They Got
Avg Score
62%
Avg Friend Score
Upgrade to see
Score Distribution
Jump to the score distribution portion of the page
Score
0/32
Timer
10:00
0
Plays Today
Team
Player
% Correct
1.HOU
???
98.9%
3.JAX
???
96%
8.MIN
???
94.8%
5.OAK
???
89.1%
4.CLE
???
87.9%
2.STL
???
80.5%
6.ATL
???
76.1%
13.STL
???
75.9%
17.DAL
???
74.4%
18.NYJ
???
74.1%
12.NYG
???
71%
9.BUF
???
70.4%
7.TB
???
70.1%
32.SEA
???
69.5%
11.TEN
???
64.9%
16.BAL
???
63.8%
Team
Player
% Correct
22.PHI
???
61.2%
24.CIN
???
60.1%
15.PIT
???
58.6%
26.CLE
???
56.6%
30.SF
???
54%
10.DET
???
52.3%
25.SD
???
50.6%
28.CAR
???
49.1%
23.KC
???
47.4%
29.NE
???
47.1%
14.CHI
???
44.8%
21.GB
???
43.1%
20.ARI
???
36.8%
19.MIA
???
30.5%
27.NO
???
27.6%
31.DEN
???
18.1%
Quiz Playlist
Details
Report
Send in Message
Add To Playlist
Classic:
Type in answers that appear in a list
Wrong Answers:
Some wrong answers will appear in red
Quiz Source
Last Updated: Feb 16, 2017
Quiz Scoreboard
CHALLENGE
Sign Up to Join the Scoreboard
Show All
Scores
Hide
Comments
May contain spoilers
Recently Published
1-10 Letter E Words III
by El_Dandy
Language
2m
One Thing in Common: World Cities II
by knightlancer
Geography
7m
Popular People in 1961
by mucciniale
History
6m
More to Explore
Quiz From the Vault
Featured Blog Post
Where Did the Easter Bunny Come From?
hide this ad
You Might Also Like...
Tags
NFL Quiz
2014
Draft
Kiper
mock
Player
school
team
Today's Top Quizzes in Sports
Browse Sports
hide this ad
Today's Top Quizzes in NFL
Browse NFL
Top Contributed Quizzes in Sports
1
Les meilleurs buteurs des matchs entre le PSG et l’OM
2
Les entraîneurs de l'OM et du PSG au 21e siècle
3
2022 World Cup Stars
4
FIFA Club World Cup Champions
5
Name the Premier League winners with different clubs
6
La finale Lions - Afrique du Sud 2021
7
Criteria MLB: Left Handed Sluggers
8
Players with Multiple 50 Home Run Seasons
9
MLB Players with Two .350 Batting Average Seasons
10
MLB Hall of Famer by Rings
Explore More
Trending Topics
NBA
Disney
Anime
Marvel
Kpop
Crossword
Harry Potter
Country
Puzzle
Soccer
Pokémon
The Office
WWE
NFL
Song
hide this ad
More By:
Sponky48
Quiz
Plays
Rating
Category
Featured
Created
2023 MLB Team Stat Leaders (Regular Season)
3,148
5.00
Sports
Oct 3, 2023
2013-14 NBA Team Stat Leaders (All-Star Break)
3,122
4.57
Sports
Feb 14, 2014
10 Worst NBA Teams Since 2000
2,871
3.00
Sports
Mar 5, 2014
2014 Top 3 Highest Paid Players By Team (MLB)
2,638
4.38
Sports
Feb 16, 2014
Top 3 Highest Paid NFL Players by Team
2,591
3.75
Sports
Sep 17, 2014
Go to Creator's Profile
Score Distribution
Quiz Creator Spotlight
Sponky48
Follow
Send a Message
Quizzes Created
-
Created Quiz Play Count
-
More By This Creator
Popular Quizzes Today
1
Find the US States - No Outlines Minefield
2
The Countries of the World
3
Popular People in 1961
4
Find the Countries of Europe - No Outlines Minefield
5
1-10 Letter E Words III
6
Find the US States
7
One Thing in Common: World Cities II
8
US States
More Sports Quizzes
Liverpool 2018-19 Premier League XIs (Part 1)
Quiz Lab
Trending Quizzes
1-10 Letter F Words
1-10 Letter G Words
Risky Map Clicking: Next State Alphabetically
1-10 Letter F Words II
Risky Map Clicking: States by Unique Starting Letters
Recently Updated
Leaping Animals
pecheneg
Reality TV Shows (A-Z)
bhenderson79
Rickey Henderson's Hall of Fame Teammates
pecheneg
Champions League XIs: Arsenal
pecheneg
Quick Pick: Celebrities in WWE's Hall of Fame
aduchscher
A-Z Keypad Blitz II
pecheneg
Multiple Oscar Actors
pecheneg
Mystery Phrase Blitz: Oscar 'Best Actors'
pecheneg
F. Scott Fitzgerald Novels
LTH
Pick 3 Villains
ddd62291
Trending Topics
Crossword
Harry Potter
Marvel
NBA
Kpop
Anime
Disney
The Office
Country
Song
Pokémon
WWE
Puzzle
NFL
Soccer
Your Account Isn't Verified!
In order to create a playlist on Sporcle, you need to verify the email address you used during registration. Go to your
Sporcle Settings
to finish the process.
Report this User
Report this user for behavior that violates our
Community Guidelines
.
Details:
Send Report
Go to the Sporcle.com Mobile Site →
Comments